000 00402nam a2200133Ia 4500
008 220204s9999 xx 000 0 und d
082 _a614.8
_bEPS.2;1
245 0 _aConsumer health and product hazards cosmetics and drugs, pesticides food additives. V 2
260 _aCambridge
_bMassachusetts
_c1974
650 _aHazardous product
700 _aGrundy, Samuel S
700 _aRichard D
942 _cBK
999 _c28287
_d28287